Statistics for Every European Countries Biggest International Win

Click here to take the quiz!

General Stats

  • This quiz has been taken 13 times
  • The average score is 22 of 49

Answer Stats

HintAnswer% Correct
AndorraSan Marino (3-0)
89%
TurkeySyria (7-0), South Korea (7-0) and San Marino (7-0)
89%
FinlandEstonia (10-2) and San Marino (8-0)
78%
SlovakiaLiechtenstein (7-0), San Marino (7-0) and San Marino (7-0)
78%
PortugalLiechtenstein (8-0) and Kuwait (8-0)
78%
CroatiaSan Marino (10-0)
78%
PolandSan Marino (10-0)
78%
NetherlandsSan Marino (11-0)
78%
UkraineSan Marino (9-0)
78%
AlbaniaVietnam (5-0), Cyprus (6-1) and San Marino (5-0)
78%
BelgiumZambia (9-0), San Marino (9-0), Gibraltar (9-0) and San Marino (10-1)
78%
BelarusLatvia (5-0), Tajikistan (6-1) and San Marino (5-0)
67%
San MarinoLiechtenstein (1-0)
67%
GibraltarLiechtenstein (2-0)
67%
MaltaLiechtenstein (7-1)
67%
MontenegroSan Marino (6-0)
67%
Bosnia and HerzegovinaEstonia (7-0) and Liechtenstein (8-1)
56%
North MacedoniaLiechtenstein (11-1)
56%
Faroe IslandsLiechtenstein (5-1)
56%
LiechtensteinLuxembourg (4-0)
56%
Northern IrelandCyprus (5-0) and Faroe Islands (5-0)
44%
EstoniaLithuania (6-0) and Gibraltar (6-0)
44%
Germany (as German Empire)Russia (16-0)
44%
LithuaniaEstonia (7-0)
33%
NorwayFinland (12-0)
33%
RomaniaFinland (9-0)
33%
DenmarkFrance (17-1)
33%
Russia (as Soviet Union)India (11-1) and Finland (10-0)
33%
LatviaLithuania (6-1), Lithuania (5-0), Gibraltar (5-0) and Andorra (5-0)
33%
IcelandMalta (5-0)
33%
KosovoMalta (5-0) and Burkina Faso (5-0)
33%
Ireland (Republic)Malta (8-0)
33%
AustriaMalta (9-0)
33%
LuxembourgAfghanistan (6-0)
22%
SpainBulgaria (13-0)
22%
BulgariaGhana (10-0)
22%
FranceGreece (8-0)
22%
WalesIreland (11-0)
22%
ScotlandIreland (11-0)
22%
EnglandIreland (13-0)
22%
SwedenLatvia (12-0) and South Korea (12-0)
22%
SloveniaOman (7-0)
22%
GreeceSyria (8-0)
22%
ItalyUSA (9-0)
22%
Serbia (as Yugoslavia)Venezuela (10-0)
22%
Czech Republic (as Czechoslovakia)Yugoslavia (7-0)
22%
HungaryFrance (13-1), Albania (12-0) and Russia (12-0)
11%
SwitzerlandLithuania (9-0)
11%
MoldovaPakistan (5-0)
11%

Score Distribution

Percentile by Number Answered

Percent of People with Each Score

Your Score History

You have not taken this quiz